000
00318nam a2200145Ia 4500
100
_a
Banerjee/H.R.
942
_c
RB
654
_a
Computer
245
_a
An Encyclopedia of Computer Terminology
260
_b
Jaico Pub
_a
Bombay
_c
1996
082
_a
4.01403
_b
BAN
300
_a
220
546
_a
ENGLISH
999
_c
18808
_d
18808